[Event "39th Barbera Open 2016"]
[Site "Barbera del Valles ESP"]
[Date "2016.07.09"]
[Round "6.13"]
[White "Lan,Zilun"]
[Black "Munoz Pantoja,M"]
[Result "1/2-1/2"]
[WhiteElo "2250"]
[BlackElo "2477"]

1.d4 Nf6 2.c4 c5 3.d5 e6 4.Nc3 exd5 5.cxd5 d6 6.Nf3 a6 7.a4 g6 8.h3 Bg7 9.Bf4 O-O
10.Nd2 Nh5 11.Bh2 f5 12.e3 f4 13.e4 Nd7 14.Be2 Ne5 15.Bxh5 gxh5 16.Nf3 Qe8
17.Nxe5 Bxe5 18.Qf3 Qg6 19.a5 Bd7 20.Kd2 Rab8 21.Rhb1 b5 22.b4 Rbc8 23.Ra3 c4
24.Re1 Rf7 25.Raa1 Kh8 26.Rg1 Rcf8 27.Rae1 Qg7 28.Rc1 h4 29.Ne2 Be8 30.Kc2 Qh6
31.Nc3 Rf6 32.Qd1 Rg6 33.Qd2 Qg7 34.f3 Bd7 35.Rcd1 Qf6 36.Ne2 c3 37.Qc1 Rfg8
38.Nxf4 R6g7 39.Qe3 Qh6 40.Kb3 Rf8 41.Rge1 Rxf4 42.Re2 Rgf7 43.Rc1 Qf6 44.Bxf4 Bxf4
45.Qxc3 Be5 46.Qe3 Bf4 47.Qc3 Be5 48.Qe3 Bf4  1/2-1/2

[Event "Karvina Open 2016"]
[Site "Karvina CZE"]
[Date "2016.07.09"]
[Round "8.4"]
[White "Nurkiewicz,M"]
[Black "Klima,L"]
[Result "1-0"]
[WhiteElo "2372"]
[BlackElo "2339"]

1.d4 Nf6 2.c4 e6 3.Nf3 c5 4.d5 exd5 5.cxd5 d6 6.Nc3 g6 7.g3 Bg7 8.Bg2 O-O
9.O-O Re8 10.Nd2 a6 11.a4 Nbd7 12.h3 Rb8 13.Nc4 Nb6 14.Na3 Bd7 15.a5 Nc8
16.Nc4 Bb5 17.Qd3 b6 18.axb6 Nxb6 19.Nxb5 axb5 20.Na5 c4 21.Qd1 Qd7 22.Nc6 Rb7
23.Be3 Rxe3 24.fxe3 Qe8 25.Qd2 Na4 26.Ra3 Ne4 27.Bxe4 Qxe4 28.Qb4 Qxd5 29.Rxa4 Qxc6
30.Ra8+ Bf8 31.Rfa1 Re7 32.Qc3 Re5 33.Qd4 Kg7 34.R1a6 Qd7 35.Kg2 Be7 36.R8a7 Qe6
37.Rb7 Bf6 38.Rxd6 Qc8 39.Rdd7 Qc6+ 40.Kh2 Rf5 41.Rxf7+ Kg8 42.Rg7+ Kf8 43.Rbf7+ Ke8
44.Rxf6 Qxf6 45.Qxf6 Rxf6 46.Rb7 Rf2+ 47.Kg1 Rxe2 48.Rxb5 Kd7 49.Kf1 Rc2
50.e4 Kc6 51.Rb8 Kc5 52.e5 Kd5 53.Rb5+ Ke4 54.e6 Kf3 55.Kg1 Kxg3 56.Rg5+ Kf4
57.Re5 Kxe5 58.e7 Rxb2 59.e8=Q+ Kd5 60.Qh8 Rb7 61.Qa8 Kc6 62.Qa6+  1-0

[Event "12th Asian Schools U17"]
[Site "Tehran IRI"]
[Date "2016.07.11"]
[Round "1.2"]
[White "Hoseini,S.alireza"]
[Black "Rastbod,Ali"]
[Result "1/2-1/2"]
[WhiteElo "1833"]
[BlackElo "2257"]

1.d4 c5 2.d5 Nf6 3.c4 e6 4.Nc3 exd5 5.cxd5 d6 6.Nf3 g6 7.e4 Bg7 8.Bb5+ Nfd7
9.O-O O-O 10.Bf4 Qe7 11.Re1 a6 12.Bxd7 Nxd7 13.Qd2 b5 14.a3 Ne5 15.Nxe5 Bxe5
16.Bxe5 dxe5 17.Rad1 Qd6 18.f3 Bd7 19.Ne2 c4 20.Ng3 Kg7 21.Qe3 Rac8 22.Kh1 a5
23.Rf1 Qc5 24.Nh5+ Kh8 25.Qh6  1/2-1/2

[Event "TCh-CHN B 2016"]
[Site "Harbin CHN"]
[Date "2016.07.13"]
[Round "5.3"]
[White "Zhang,Ziji"]
[Black "Ma,Ling"]
[Result "1-0"]
[WhiteElo "2313"]
[BlackElo "1951"]

1.d4 Nf6 2.c4 c5 3.d5 e6 4.Nc3 exd5 5.cxd5 d6 6.Nf3 g6 7.e4 Bg7 8.Be2 O-O
9.Nd2 a6 10.a4 Re8 11.O-O Nbd7 12.h3 Rb8 13.Re1 g5 14.Qc2 Ne5 15.Nf1 h6 16.Ng3 Ng6
17.Bd2 Nh4 18.Ra3 g4 19.hxg4 Nxg4 20.Nd1 Kh8 21.Qc1 Rg8 22.Bc3 Bxc3 23.Qxc3+ Qf6
24.Qd2 Qg6 25.Qf4 Qf6 26.Qd2 Bd7 27.a5 Rg6 28.Bxg4 Bxg4 29.Rb3 Rbg8 30.Qc3 Bc8
31.Qxf6+ Rxf6 32.Ne3 Re8 33.Rb6 Rg6 34.Kf1 Bd7 35.Rxb7 Bb5+ 36.Kg1 Kg8 37.Nef5 Nxf5
38.Nxf5 Rf6 39.Re3 Kh8 40.Rb6 Rd8 41.Rh3 Kh7 42.g4 Rg6 43.f3 Rd7 44.Kf2 Bd3
45.g5  1-0

[Event "TCh-CHN B 2016"]
[Site "Harbin CHN"]
[Date "2016.07.13"]
[Round "6.2"]
[White "Bao,Q"]
[Black "Liu,Zhaoqi"]
[Result "1-0"]
[WhiteElo "2305"]
[BlackElo "2168"]

1.d4 Nf6 2.c4 c5 3.d5 e6 4.Nc3 exd5 5.cxd5 d6 6.Nf3 g6 7.Bf4 Bg7 8.Qa4+ Bd7
9.Qb3 Qc7 10.e4 O-O 11.Nd2 Nh5 12.Be3 f5 13.exf5 Bxf5 14.Be2 Nf6 15.O-O Na6
16.Nc4 Rad8 17.Rac1 Rfe8 18.Nb5 Qe7 19.Rfd1 Kh8 20.Bf1 Nc7 21.Ncxd6 Rxd6
22.Nxd6 Qxd6 23.Bxc5 Qf4 24.Be3 Qd6 25.Bc5 Qe5 26.Bd4 Qd6 27.Qxb7 Rc8 28.Rc6 Qxd5
29.Rxc7  1-0

[Event "TCh-CHN B 2016"]
[Site "Harbin CHN"]
[Date "2016.07.14"]
[Round "8.1"]
[White "Li Chao2"]
[Black "Liu,Zhaoqi"]
[Result "1-0"]
[WhiteElo "2758"]
[BlackElo "2168"]

1.d4 Nf6 2.c4 c5 3.d5 e6 4.Nc3 exd5 5.cxd5 d6 6.Nf3 g6 7.Bf4 Bg7 8.Qa4+ Bd7
9.Qb3 Qc7 10.e4 O-O 11.Nd2 Nh5 12.Be3 f5 13.exf5 gxf5 14.Be2 Be8 15.Nf3 h6
16.O-O a6 17.a4 Nd7 18.Rae1 f4 19.Bd2 Ne5 20.Qd1 Qf7 21.Ne4 Rd8 22.Ba5 Rd7
23.Nxe5 Bxe5 24.Bg4 Qg6 25.Nxc5 Rg7 26.Bf3 dxc5 27.Rxe5 Nf6 28.h4 Bd7 29.h5 Qf7
30.d6 Qc4 31.b3 Qd4 32.Qxd4 cxd4 33.Rd1 Rc8 34.Rxd4 Rc1+ 35.Re1 Rc5 36.Bd2 Nxh5
37.Rd5 Rxd5 38.Bxd5+ Kf8 39.Bxb7  1-0

[Event "TCh-CHN B 2016"]
[Site "Harbin CHN"]
[Date "2016.07.15"]
[Round "9.4"]
[White "Zhang,Xiao"]
[Black "Hu,Yu A."]
[Result "1-0"]
[WhiteElo "1877"]
[BlackElo "1934"]

1.d4 Nf6 2.c4 e6 3.Nf3 c5 4.d5 exd5 5.cxd5 d6 6.Nc3 g6 7.Nd2 Bg7 8.e4 O-O
9.Be2 Re8 10.O-O a6 11.a4 Nbd7 12.Kh1 Qc7 13.Qc2 Rb8 14.f3 b6 15.Nc4 Ne5
16.Nxe5 Rxe5 17.f4 Re8 18.e5 Bf5 19.Qb3 Ne4 20.Nxe4 Bxe4 21.Qc4 Bf5 22.g4 b5
23.axb5 axb5 24.Qa2 Be4+ 25.Bf3 Bxf3+ 26.Rxf3 dxe5 27.fxe5 Qxe5 28.Bf4 Qe2
29.Raf1 Ra8 30.Qb3 Qxb2 31.Qxb2 Bxb2 32.Rb3 Ba3 33.Rxb5 Rad8 34.d6 Rd7 35.Rfb1 Bb4
36.Rb6 Kg7 37.Rc6 Re4 38.Rc7 Rd8 39.Bg3 Kg8 40.Rf1 Rf8 41.Bf4 Rd4 42.Bh6 Ra8
43.Rcxf7  1-0

[Event "3rd Gideon Japhet Mem Op"]
[Site "Jerusalem ISR"]
[Date "2016.07.15"]
[Round "7.14"]
[White "Globus,Or"]
[Black "Drori,Saar"]
[Result "1-0"]
[WhiteElo "2063"]
[BlackElo "2304"]

1.d4 Nf6 2.c4 e6 3.Nf3 c5 4.d5 exd5 5.cxd5 d6 6.Nc3 g6 7.Qa4+ Bd7 8.Qb3 Qc7
9.e4 Bg7 10.Bd3 O-O 11.O-O Na6 12.Re1 Rfe8 13.h3 Rac8 14.Bc4 Re7 15.Bf4 Ne8
16.e5 Rb8 17.exd6 Rxe1+ 18.Rxe1 Qd8 19.Re7 Nb4 20.Rxd7 Qxd7 21.Bb5 Qd8 22.Bxe8 Qxe8
23.d7 Qf8 24.Bxb8 Qxb8 25.a3 Bxc3 26.bxc3 Na6 27.d6 Qxd6 28.Qxb7 Kg7 29.Qc8  1-0

[Event "11th Nana Aleksandria Cup"]
[Site "Poti GEO"]
[Date "2016.07.15"]
[Round "3.25"]
[White "Akhvlediani,Irakli"]
[Black "Kantane,Anna"]
[Result "1/2-1/2"]
[WhiteElo "2109"]
[BlackElo "2333"]

1.d4 Nf6 2.c4 c5 3.d5 e6 4.Nc3 exd5 5.cxd5 d6 6.Nf3 g6 7.Bf4 a6 8.a4 Bg7
9.h3 O-O 10.e3 Re8 11.Nd2 Nbd7 12.Be2 Ne5 13.O-O Nfd7 14.Rc1 f5 15.b3 Rb8
16.Bg3 Nf7 17.Qc2 Nf6 18.Rfe1 Qc7 19.Bd3 Ne5 20.Bxe5 Rxe5 21.Nc4 Re7 22.a5 Bd7
23.Rb1 Be8 24.Red1 Bf7 25.Be2 Nd7 26.Na4 Rbe8 27.Bf3 Nf6 28.Nc3 Rf8 29.b4 cxb4
30.Rxb4 Nd7 31.Be2 Rc8 32.Na4 Nc5 33.Nxc5 Qxc5 34.Qd2 f4 35.Rb6 fxe3 36.fxe3 Bh6
37.Kh1 Rd8 38.Qd4 Qxd4 39.Rxd4 Bxe3 40.Nxe3 Rxe3 41.Bf3 Ra3 42.Rxb7 Rxa5
43.Ra7 h5  1/2-1/2

[Event "27th Czech Open E 2016"]
[Site "Pardubice CZE"]
[Date "2016.07.16"]
[Round "4.4"]
[White "Kabelka,Ondrej"]
[Black "Skara,V"]
[Result "0-1"]
[WhiteElo "2092"]
[BlackElo "2233"]

1.d4 e6 2.c4 Nf6 3.Nc3 c5 4.d5 exd5 5.cxd5 d6 6.Nf3 g6 7.Nd2 a6 8.a4 Nbd7
9.e4 Bg7 10.Be2 O-O 11.O-O Re8 12.Re1 Ne5 13.f3 g5 14.Nf1 h6 15.Ne3 Ng6 16.Qc2 b6
17.Bf1 Rb8 18.b3 g4 19.fxg4 Nxe4 20.Bb2 Nxc3 21.Bxc3 Ne5 22.Rad1 Qg5 23.Nc4 Bxg4
24.Nxe5 Bxd1 25.Rxd1 Bxe5 26.Bxe5 Rxe5 27.Bxa6 Rbe8 28.Qf2 Qe3 29.Qxe3 Rxe3
30.Bc4 Re1+ 31.Rxe1 Rxe1+ 32.Kf2 Rh1 33.h3 Kg7 34.Ke3 Kf6 35.Kf4 Rd1 36.g3 Rd4+
37.Kf3 Ke5 38.Ke3 f5 39.Kf3 Rxc4 40.bxc4 Kd4 41.Kf4 Kxc4 42.Kxf5 Kxd5 43.g4 c4
44.h4 c3 45.g5 hxg5 46.hxg5 c2 47.g6 c1=Q 48.Kf6 Qf4+ 49.Ke7 Qg5+ 50.Kf7 Qf5+
51.Kg7 Ke6 52.a5 bxa5 53.Kh8 Kf6 54.g7 Qh5+ 55.Kg8 Qf7+ 56.Kh8 Qxg7+  0-1

[Event "11th Nana Aleksandria Cup"]
[Site "Poti GEO"]
[Date "2016.07.16"]
[Round "5.26"]
[White "Akhvlediani,Irakli"]
[Black "Khazhomia,S"]
[Result "1/2-1/2"]
[WhiteElo "2109"]
[BlackElo "2154"]

1.d4 Nf6 2.c4 e6 3.Nf3 c5 4.d5 exd5 5.cxd5 d6 6.Nc3 Be7 7.h3 Bf5 8.e4 Bc8
9.Bf4 O-O 10.Bd3 a6 11.a4 b6 12.Nd2 Nbd7 13.Nc4 Qc7 14.O-O Rd8 15.Bh2 Ne5
16.f4 Nxc4 17.Bxc4 Ne8 18.e5 f5 19.g4 g6 20.g5 Ng7 21.h4 Bd7 22.Qe2  1/2-1/2

[Event "Canadian Open 2016"]
[Site "Windsor CAN"]
[Date "2016.07.16"]
[Round "8"]
[White "Bitan,B"]
[Black "Ivanov,Mike"]
[Result "1-0"]
[WhiteElo "2368"]
[BlackElo "2260"]

1.d4 Nf6 2.c4 c5 3.d5 e6 4.Nc3 exd5 5.cxd5 d6 6.Nf3 g6 7.Bf4 a6 8.a4 Bg7
9.h3 O-O 10.e3 Ne8 11.Be2 Nd7 12.O-O f5 13.Qc2 Qe7 14.Rab1 Rb8 15.b4 Nef6
16.Nd2 h6 17.Bh2 Ne8 18.a5 Be5 19.Bxe5 dxe5 20.bxc5 Qxc5 21.Nc4 Nd6 22.Na4 Qc7
23.Rfc1 Ne4 24.Ncb6  1-0

[Event "TCh-TUR Premier League"]
[Site "Konya TUR"]
[Date "2016.07.17"]
[Round "1.2"]
[White "Celik,Akarsu Bengi"]
[Black "Erece,Ece Alkim"]
[Result "0-1"]
[WhiteElo "1486"]
[BlackElo "1775"]

1.d4 Nf6 2.c4 c5 3.d5 e6 4.Nc3 exd5 5.cxd5 d6 6.Nf3 g6 7.Nd2 Bg7 8.Nc4 O-O
9.Bf4 Ne8 10.e3 f5 11.h3 a6 12.a4 g5 13.Bh2 f4 14.e4 Nd7 15.Be2 Ne5 16.Nxe5 Bxe5
17.Bg4 Nf6 18.Bxc8 Rxc8 19.f3 Bd4 20.Bg1 Be5 21.Bf2 Qe8 22.Qe2 h5 23.a5 Rc7
24.Na4 Re7 25.Nb6 Qb5 26.Qxb5 axb5 27.Kd2 Nd7 28.Nxd7 Rxd7 29.Ra2 Ra8 30.Kc2 Rdd8
31.Rb1 b4 32.Kb3 Ra6 33.Kc4 b6 34.Kb5 Rxa5+ 35.Rxa5 bxa5 36.Kxa5 Ra8+ 37.Kb5 Ra2
38.Kc6 Kf7 39.h4 g4 40.fxg4 hxg4 41.Bxc5 dxc5 42.Kxc5 Rxb2 43.Rd1 Ke7 44.h5 Bd6+
45.Kd4 Re2 46.h6 Kf7 47.Ra1 Rd2+ 48.Kc4 Rxg2 49.Ra7+ Kf6 50.h7 Rh2 51.Rd7 Ke5
52.Rg7 Kxe4 53.Rg6 Rxh7 54.Rxd6 g3 55.Kxb4 g2 56.Rg6 f3 57.Kc5 f2 58.Rxg2 f1=Q
59.Rg4+ Kf5 60.Rg8 Qc1+  0-1

[Event "ch-CHN GpB Women 2016"]
[Site "Harbin CHN"]
[Date "2016.07.19"]
[Round "5.5"]
[White "Li Xueyi"]
[Black "Hu,Yu A."]
[Result "1-0"]
[WhiteElo "2176"]
[BlackElo "1934"]

1.d4 Nf6 2.c4 e6 3.Nc3 c5 4.d5 exd5 5.cxd5 d6 6.Nf3 g6 7.g3 Bg7 8.Bg2 O-O
9.O-O Re8 10.Bf4 Na6 11.Nd2 Nh5 12.Be3 Nc7 13.a4 b6 14.Rc1 Ba6 15.Bf3 Nf6
16.Bf4 Rb8 17.e4 Qe7 18.Re1 Nd7 19.Bg2 g5 20.Be3 Ne5 21.Nf3 Nd3 22.Bxg5 f6
23.Bf4 Nxb2 24.Qd2 Nd3 25.Nh4 Nxf4 26.Nf5 Nh3+ 27.Bxh3 Qf8 28.Na2 b5 29.Nb4 Bc8
30.Nc6 Bxf5 31.Bxf5 Rb7 32.axb5 Nxb5 33.Qa5 Ra8 34.Ra1 a6 35.Ra2 Kh8 36.Rea1 Nc7
37.Qe1 Qf7 38.Kg2 Re8 39.Qd2 Qh5 40.Qf4 Rb3 41.Qxd6 Qf3+ 42.Kg1 Nb5 43.Qd7 Rf8
44.Re1 Nc3 45.Rd2 Nb1 46.Rc2 Na3 47.Rce2 Rb1 48.Bg4 Rxe1+ 49.Rxe1 Qc3 50.Rf1 c4
51.Nd8 Qd4 52.Ne6  1-0

[Event "ch-CHN GpB Men 2016"]
[Site "Harbin CHN"]
[Date "2016.07.19"]
[Round "6.5"]
[White "Xiang,Zeyu"]
[Black "Chu Wei Chao"]
[Result "1-0"]
[WhiteElo "2237"]
[BlackElo "2309"]

1.d4 Nf6 2.c4 c5 3.d5 e6 4.Nc3 exd5 5.cxd5 d6 6.Nf3 g6 7.Bf4 a6 8.a4 Bg7
9.h3 O-O 10.e3 Qe7 11.Be2 Nbd7 12.O-O Ne8 13.Qb3 Ne5 14.Nd2 f5 15.Bg3 h5
16.Rae1 h4 17.Bh2 g5 18.f4 Nf7 19.Bd3 g4 20.Kh1 Nf6 21.e4 fxe4 22.Ncxe4 Qd8
23.Ng5 Nxg5 24.fxg5 Nh5 25.Rxf8+ Bxf8 26.Ne4 gxh3 27.Qd1 hxg2+ 28.Kxg2 Qd7
29.Qxh5 Qh3+ 30.Kh1 Qxd3 31.g6  1-0

[Event "TCh-TUR Premier League"]
[Site "Konya TUR"]
[Date "2016.07.19"]
[Round "5.9"]
[White "Daghan,Devran"]
[Black "Batmaz,Onur Utku"]
[Result "1-0"]
[WhiteElo "1959"]
[BlackElo "1469"]

1.d4 Nf6 2.Nf3 c5 3.d5 e6 4.c4 exd5 5.cxd5 d6 6.Nc3 g6 7.e4 a6 8.a4 Bg4 9.Be2 Bg7
10.Nd2 Bxe2 11.Qxe2 Nbd7 12.Nc4 Nb6 13.Ne3 O-O 14.a5 Nbd7 15.Nc4 Ne8 16.Bf4 Qe7
17.O-O Ne5 18.Nb6 Rd8 19.Bg3 Nd7 20.Nxd7 Rxd7 21.Rfe1 Nc7 22.Rad1 f5 23.f3 fxe4
24.fxe4 Bd4+ 25.Kh1 Qg7 26.Qg4 Ne8 27.Na4 Rdf7 28.Qe6 Bxb2 29.Nxb2 Qxb2 30.Bxd6 Nxd6
31.Qxd6 Qc3 32.h3 Qxa5 33.e5 Qb5 34.e6 Rf6 35.Qe5 Rf1+ 36.Rxf1 Rxf1+ 37.Rxf1 Qxf1+
38.Kh2 Qf5 39.Qb8+ Qf8 40.Qc7 a5 41.e7 Qe8 42.d6 Qf7 43.d7  1-0

[Event "11th Nana Aleksandria Cup"]
[Site "Poti GEO"]
[Date "2016.07.19"]
[Round "8.24"]
[White "Aliyev,Ravan"]
[Black "Eynullayev,Atilla"]
[Result "1-0"]
[WhiteElo "2183"]
[BlackElo "1937"]

1.d4 Nf6 2.c4 e6 3.Nf3 c5 4.d5 d6 5.Nc3 exd5 6.cxd5 a6 7.a4 g6 8.Nd2 Bg7
9.e4 O-O 10.Be2 Qe7 11.O-O Nbd7 12.Re1 Rb8 13.Qc2 Ne8 14.Nc4 Ne5 15.Nb6 Nc7
16.Be3 Nd7 17.Nc4 Ne5 18.Nb6 Nd7 19.Nxc8 Rfxc8 20.a5 b5 21.axb6 Rxb6 22.Ra2 Rcb8
23.f4 Bxc3 24.bxc3 Nxd5 25.Bc1 Nc7 26.Bd3 d5 27.Qf2 dxe4 28.Bxe4 Re6 29.Rae2 Re8
30.f5 Rxe4 31.Rxe4 Qxe4 32.Rxe4 Rxe4 33.Qd2 Nf6 34.Qd8+ Nce8 35.Ba3 Re1+
36.Kf2 Re5 37.fxg6 hxg6 38.Kf1 Kg7 39.Qd3 Nc7 40.h3 Ne6 41.Bb2 Rf5+ 42.Kg1 Rd5
43.Qf3 Rd2 44.Bc1 Ng5 45.Qf1 Rd5 46.Kh2 Ne6 47.Qxa6 Rd1 48.Be3 Nd5 49.Bf2 Rd2
50.Be1 Rc2 51.Bg3 Ndf4 52.Bxf4 Nxf4 53.Qc4 Ne6 54.Qe4 Rd2 55.Qe5+ Kg8 56.Kg3 Rd3+
57.Kf2 Rd2+ 58.Kf3 Rd3+ 59.Ke4 Rd2 60.Kf3 Rd3+ 61.Ke2 Rd5 62.Qb8+ Rd8 63.Qb7 Re8
64.Qd7 Rd8 65.Qe7 Rd5 66.Qb7 Re5+ 67.Kd3 Re1 68.Kc4 Rd1 69.Qf3 Rd2 70.h4 Ra2
71.g3 Kg7 72.Kd5 Rd2+ 73.Ke5 Ra2 74.g4 Ra1 75.Qf6+ Kg8 76.h5 Re1+ 77.Kd6 Nf8
78.Qf2 Re4 79.Qf3 Ra4 80.Kxc5 Ne6+ 81.Kd6 Ra6+ 82.Ke7 Ra7+ 83.Kf6 Ra6 84.Qf1 Nc5+
85.Ke5 Nd7+ 86.Kd4 Ra4+ 87.c4 Nb6 88.Qf6 Rxc4+ 89.Kd3 Rxg4 90.h6 Rg3+ 91.Ke2  1-0

[Event "Open ch-MKD 2016"]
[Site "Struga MKD"]
[Date "2016.07.21"]
[Round "6.6"]
[White "Pasko,Llambi"]
[Black "Nikolovski,Nikola"]
[Result "0-1"]
[WhiteElo "2343"]
[BlackElo "2215"]

1.d4 Nf6 2.c4 c5 3.d5 e6 4.Nc3 exd5 5.cxd5 d6 6.Nf3 g6 7.e4 Bg7 8.Nd2 O-O
9.Be2 Re8 10.O-O Nbd7 11.a4 Ne5 12.Qc2 a6 13.Re1 Nfg4 14.Nd1 f5 15.h3 Nf6
16.f4 Nf7 17.Nc3 b6 18.Bf3 Ra7 19.Nc4 fxe4 20.Nxe4 Nxd5 21.Bd2 Bd4+ 22.Kh2 Bf5
23.Qb3 Bxe4 24.Bxe4 Nf6 25.Bc6 Rxe1 26.Rxe1 d5 27.Qxb6 Ng4+ 28.Kg3 Bf2+ 29.Kxg4 Qh4+
30.Kf3 Qg3+ 31.Ke2 Re7+ 32.Ne5 Bxe1 33.Qxc5 Nxe5 34.Bxd5+ Nf7+ 35.Kd1 Qd3
36.Qc8+ Kg7 37.Qc3+ Qxc3 38.bxc3 Bxd2  0-1

[Event "TCh-LIB InterClubs 2016"]
[Site "Beirut LIB"]
[Date "2016.07.22"]
[Round "1.1"]
[White "Ibrahim,H"]
[Black "Grigoryan,Av"]
[Result "0-1"]
[WhiteElo "2337"]
[BlackElo "2568"]

1.d4 Nf6 2.c4 c5 3.d5 e6 4.Nc3 exd5 5.cxd5 d6 6.Nf3 g6 7.g3 Bg7 8.Bg2 O-O
9.O-O Nbd7 10.a4 Qe7 11.Re1 Ne4 12.Nxe4 Qxe4 13.Bf4 Qe7 14.Rb1 h6 15.e4 g5
16.Be3 Nf6 17.e5 Ng4 18.exd6 Qxd6 19.Nd2 Nxe3 20.fxe3 Bd7 21.Nc4 Qa6 22.b3 Rad8
23.Qc2 Qf6 24.Rf1 Qc3 25.Qd1 b5 26.axb5 Bxb5 27.Rc1 Qb4 28.Kh1 a5 29.Qd3 a4
30.bxa4 Qxa4 31.Qf5 Bd7 32.Qd3 Qa6 33.e4 Bb5 34.Bh3 Bd4 35.Bf5 Ra8 36.Rc2 Rfb8
37.Rfc1 Kg7 38.Qe2 Qf6 39.Rf1 Qe7 40.Qh5 Bxc4 41.Rxc4 Rb2 42.Re1 Raa2 43.e5 Qxe5  0-1

[Event "TCh-TUR Premier League"]
[Site "Konya TUR"]
[Date "2016.07.22"]
[Round "9.5"]
[White "Blagojevic,Dr"]
[Black "Kriebel,T"]
[Result "1/2-1/2"]
[WhiteElo "2483"]
[BlackElo "2484"]

1.d4 Nf6 2.c4 e6 3.Nf3 c5 4.d5 exd5 5.cxd5 d6 6.Nc3 g6 7.h3 Bg7 8.e4 O-O
9.Bd3 a6 10.a4 Re8 11.O-O c4 12.Bc2 Nbd7 13.Be3 Qc7 14.Bd4 b6 15.Nd2 Bb7
16.Rb1 Rac8 17.Re1 Re7 18.b3  1/2-1/2

[Event "Open ch-MKD 2016"]
[Site "Struga MKD"]
[Date "2016.07.24"]
[Round "9.5"]
[White "Nikolov,Sas"]
[Black "Nikolovski,Nikola"]
[Result "0-1"]
[WhiteElo "2364"]
[BlackElo "2215"]

1.d4 Nf6 2.c4 c5 3.d5 e6 4.Nc3 exd5 5.cxd5 d6 6.Nf3 g6 7.h3 Bg7 8.Bf4 O-O
9.e3 a6 10.a4 Re8 11.Nd2 Nbd7 12.Nc4 Ne4 13.Nxe4 Rxe4 14.Qc2 Nf6 15.Bd3 Rxf4
16.exf4 Nxd5 17.Qd2 Bd4 18.g3 Nb4 19.Bb1 Be6 20.Ne3 Qf6 21.f5 gxf5 22.O-O Bxb2
23.Bxf5 Bxf5 24.Nxf5 Bxa1 25.Nh6+ Kh8  0-1

[Event "91st ch-ARG 2016"]
[Site "Villa Martelli ARG"]
[Date "2016.07.25"]
[Round "9.2"]
[White "Zamorano,Jor"]
[Black "Bitelmajer,M"]
[Result "0-1"]
[WhiteElo "2315"]
[BlackElo "2346"]

1.Nf3 Nf6 2.d4 e6 3.c4 c5 4.d5 exd5 5.cxd5 d6 6.Nc3 g6 7.Bf4 a6 8.a4 Bg7
9.h3 O-O 10.e3 Qe7 11.Be2 Nbd7 12.O-O Ne8 13.Re1 Ne5 14.Nd2 Rb8 15.Qc2 Bd7
16.a5 Nc7 17.Bh2 f5 18.Bf1 Bb5 19.Nxb5 axb5 20.f4 Nf7 21.e4 fxe4 22.Nxe4 Qd7
23.Rad1 Ra8 24.b4 cxb4 25.f5 gxf5 26.Ng3 Ne5 27.Nh5 Bh8 28.Qf2 Qf7 29.Nf4 Rxa5
30.Qb6 Ra6 31.Qxb7 Rfa8 32.Rc1 Nc4 33.Bxc4 Bd4+ 34.Kh1 Rb6 35.Qxa8+ Nxa8
36.Bd3 Nc7 37.Ne6 Bc3 38.Rf1 Nxd5 39.Ng5 Qe7 40.Bc2 Ne3 41.Bf4 Nxf1 42.Bb3+ d5
43.Bxd5+ Kg7 44.Rxf1 h6 45.Nf3 Qe2 46.Rc1 Ra6  0-1

[Event "TCh-TUR Super League 2016"]
[Site "Izmir TUR"]
[Date "2016.07.26"]
[Round "2.1"]
[White "Tarlabasi,Emirhan"]
[Black "Yaran,Siar"]
[Result "1-0"]
[WhiteElo "2006"]
[BlackElo "2190"]

1.d4 Nf6 2.c4 e6 3.Nf3 c5 4.d5 exd5 5.cxd5 d6 6.Nc3 g6 7.e4 Bg7 8.h3 a6 9.a4 Nbd7
10.Bd3 Nh5 11.Bg5 Bf6 12.Be3 Ne5 13.Be2 Nxf3+ 14.Bxf3 Bg5 15.Bxh5 Bxe3 16.fxe3 Qh4+
17.Kd2 Qxh5 18.Qxh5 gxh5 19.Rhf1 Rg8 20.Rf2 b6 21.Raf1 Ra7 22.e5 dxe5 23.Ne4 Rg6
24.Nf6+ Ke7 25.e4 h6 26.Ng4 Kd6 27.Ne3 b5 28.Rf6+ Rxf6 29.Rxf6+ Ke7 30.Rxh6 Bd7
31.Rxh5 c4 32.a5 Kd6 33.Rh7 Ra8 34.Rxf7 Rg8 35.g4 Rh8 36.g5 Rxh3 37.g6 Rh2+
38.Ke1 Rh1+ 39.Kf2 Rh2+ 40.Kg1 Rh5 41.g7 Rg5+ 42.Kf2 Bg4 43.Nf5+ Rxf5+ 44.exf5 b4
45.f6 c3 46.bxc3 bxc3 47.Rf8 c2 48.Rc8 Kxd5 49.Rxc2 e4 50.Rc8  1-0

[Event "9th Paleochora Open 2016"]
[Site "Paleochora GRE"]
[Date "2016.07.26"]
[Round "8.2"]
[White "Rychagov,A"]
[Black "Halkias,S"]
[Result "0-1"]
[WhiteElo "2558"]
[BlackElo "2543"]

1.d4 Nf6 2.c4 e6 3.Nf3 c5 4.d5 d6 5.Nc3 exd5 6.cxd5 g6 7.Bf4 Bg7 8.e3 O-O
9.h3 Na6 10.Be2 Nc7 11.O-O a6 12.a4 Rb8 13.a5 b5 14.axb6 Rxb6 15.Qd2 Nfxd5
16.Bg5 Nf6 17.Rfd1 Ne6 18.Bh4 Bb7 19.Bc4 Qa8 20.Qe2 Ne4 21.Nd5 Rxb2 22.Qd3 g5
23.Qxe4 gxh4 24.Nxh4 Re8 25.Nf5 Qd8 26.Qg4 Kh8 27.Nf4 Be5 28.Nh6 Qf6 29.Nxf7+ Qxf7
30.Bxe6 Qf6 31.Bc4 Rxf2 32.Kxf2 Bxa1 33.Qd7 Rxe3 34.Kxe3 Qe5+ 35.Kf2 Qxf4+
36.Kg1 Bd4+ 37.Rxd4 Qxd4+ 38.Kh2 Qf4+ 39.Kg1 Qd4+ 40.Kh2 Qxc4 41.Qxb7 Qf4+
42.Kh1 Qc1+ 43.Kh2 Qf4+ 44.Kh1 h5 45.Qxa6 Kg7 46.Qb7+ Kf6 47.Qh7 Qc1+ 48.Kh2 Qf4+
49.Kh1 h4 50.Qh8+ Ke6 51.Qe8+ Kd5 52.Qa8+ Ke5 53.Qa1+ Qd4 54.Qe1+ Qe4 55.Qa1+ Ke6
56.Qc1 Kd7 57.Qc3 c4 58.Qa5 Ke6 59.Qd8 Qe1+ 60.Kh2 Qg3+ 61.Kh1 c3 62.Qa8 Ke5
63.Qa4 Qe1+ 64.Kh2 Qg3+ 65.Kh1 d5 66.Qb5 Qe1+ 67.Kh2 Qg3+ 68.Kh1 Ke4 69.Qe2+ Kd4
70.Qc2 Qe1+ 71.Kh2 Qg3+ 72.Kh1 Qe1+ 73.Kh2 Qe4 74.Qf2+ Ke5  0-1

[Event "TCh-TUR Super League 2016"]
[Site "Izmir TUR"]
[Date "2016.07.28"]
[Round "4.6"]
[White "Matsenko,S"]
[Black "Yilmaz,M"]
[Result "1-0"]
[WhiteElo "2534"]
[BlackElo "2622"]

1.d4 Nf6 2.c4 e6 3.Nc3 c5 4.d5 exd5 5.cxd5 d6 6.Nf3 g6 7.Bf4 a6 8.a4 Bg7
9.h3 O-O 10.e3 Ne8 11.Be2 Nd7 12.O-O Rb8 13.Nd2 b6 14.Re1 Ne5 15.Bh2 f5 16.Kh1 Nc7
17.f4 Nf7 18.Nc4 Bd7 19.e4 b5 20.axb5 axb5 21.Nxd6 Nxd6 22.e5 b4 23.exd6 Ne8
24.Na4 Bxa4 25.Rxa4 Bxb2 26.Bg1 Nxd6 27.Bxc5 Ne4 28.Ba7 Ra8 29.d6 Bg7 30.Qd5+ Kh8
31.Bf3 Qh4 32.Rxe4 fxe4 33.Qxe4 Rae8 34.Qxb4 Qe1+ 35.Qxe1 Rxe1+ 36.Kh2 Ra1
37.Rxa1 Bxa1 38.d7 Bf6 39.g4 h6 40.Bb6 g5 41.Bc7 Kg7 42.Kg3 Bd8 43.Be5+ Rf6
44.Bd5 gxf4+ 45.Kf3 Kf8 46.Bxf6 Bxf6 47.Kxf4 Bd8 48.Kf5 Ke7 49.Kg6 Kxd7 50.Kxh6 Bb6
51.g5 Be3 52.h4 Kd6 53.Kh7  1-0

[Event "TCh-TUR Super League 2016"]
[Site "Izmir TUR"]
[Date "2016.07.29"]
[Round "6.2"]
[White "Yilmaz,M"]
[Black "Benidze,D"]
[Result "1/2-1/2"]
[WhiteElo "2622"]
[BlackElo "2475"]

1.d4 Nf6 2.c4 e6 3.Nf3 c5 4.d5 exd5 5.cxd5 d6 6.Nc3 a6 7.a4 g6 8.Nd2 Bg7
9.Nc4 O-O 10.Bf4 Ne8 11.Qd2 b6 12.Ne4 Nd7 13.Nexd6 Nxd6 14.Bxd6 Re8 15.Bg3 Nf6
16.f3 Nxd5 17.e4  1/2-1/2

[Event "TCh-TUR Super League 2016"]
[Site "Izmir TUR"]
[Date "2016.07.29"]
[Round "6.6"]
[White "Baylav,Bartu"]
[Black "Mchedlishvili,M"]
[Result "0-1"]
[WhiteElo "1665"]
[BlackElo "2604"]

1.d4 Nf6 2.c4 e6 3.Nf3 c5 4.d5 d6 5.Nc3 exd5 6.cxd5 a6 7.a4 g6 8.h3 Qe7 9.e3 Bg7
10.Be2 O-O 11.O-O Nbd7 12.Nd2 Ne5 13.a5 Ne8 14.Nc4 f5 15.Nb6 Rb8 16.Rb1 g5
17.f4 Ng6 18.Nxc8 Rxc8 19.fxg5 Qxg5 20.e4 f4 21.Bg4 Rc7 22.Be6+ Kh8 23.Qg4 Qh6
24.Bf5 Be5 25.Ne2 Nf6 26.Qf3 Nh4 27.Qd3 c4 28.Qd1 Nxg2 29.Kxg2 Rg7+ 30.Kh1 Nxe4
31.Bxf4 Bxf4 32.Be6 Rf6 33.Nxf4 Ng3+ 34.Kh2 Nxf1+ 35.Qxf1 Rxf4 36.Qe2 Qf6  0-1

[Event "12th Gazi-Heraklion Open"]
[Site "Malevizi GRE"]
[Date "2016.07.29"]
[Round "2.10"]
[White "Papadopoulos,Geo3"]
[Black "Fidrilakis,Stavros"]
[Result "1-0"]
[WhiteElo "2206"]
[BlackElo "1919"]

1.d4 Nf6 2.Nf3 c5 3.d5 e6 4.c4 exd5 5.cxd5 d6 6.Nc3 g6 7.Bf4 a6 8.a4 Bg7
9.h3 O-O 10.e3 Qe7 11.Be2 Nbd7 12.O-O Rb8 13.Nd2 b6 14.Nc4 Ne8 15.Qb3 Bb7
16.Nxb6 Nc7 17.Bf3 Ne5 18.Bxe5 Bxe5 19.a5 Bc8 20.Qa4 f5 21.Qc6 g5 22.g3 f4
23.Kg2 fxg3 24.fxg3 Bxg3 25.Kxg3 Qe5+ 26.Kg2 Bxh3+ 27.Kxh3 Rf6 28.Kg2 g4
29.Be4 Rh6 30.Rh1 Rh3 31.Rxh3 gxh3+ 32.Kh1 Nb5 33.Rg1+ Kh8 34.Qd7  1-0

[Event "5th Arber Open 2016"]
[Site "Bayerisch Eisenstein GER"]
[Date "2016.07.30"]
[Round "1.13"]
[White "De Weerd,W"]
[Black "Doeserich,R"]
[Result "1-0"]
[WhiteElo "2149"]
[BlackElo "1720"]

1.d4 Nf6 2.c4 c5 3.d5 e6 4.Nc3 exd5 5.cxd5 d6 6.Nf3 a6 7.a4 g6 8.Bf4 Bg7
9.h3 O-O 10.Nd2 Qe7 11.Nc4 Rd8 12.e3 Ne8 13.Be2 Nd7 14.h4 Rb8 15.h5 b5 16.axb5 axb5
17.Na5 Bb7 18.Bxb5 Bxc3+ 19.bxc3 g5 20.Bg3 Qe4 21.Nxb7 Rxb7 22.Qd3 Ndf6 23.O-O Qxd3
24.Bxd3 Rb3 25.Rfc1 Nxh5 26.Bh2 Nhg7 27.g4 Rc8 28.Ra6 Rd8 29.f3 h5 30.gxh5 Nxh5
31.Rc2 Rb1+ 32.Kf2 Rb7 33.Bc4 Nhg7 34.Rca2 Nf5 35.e4 Ne7 36.Ra7 Rxa7 37.Rxa7 Nc8
38.Rb7 Kf8 39.Bb5 f6 40.Kg2 Ne7 41.Bd7 Kf7 42.Be6+ Kf8 43.Kh3 Kg7  1-0

[Event "103rd ch-GBR 2016"]
[Site "Bournemouth ENG"]
[Date "2016.07.30"]
[Round "6.20"]
[White "Kalavannan,Koby"]
[Black "Rudd,J"]
[Result "1-0"]
[WhiteElo "2131"]
[BlackElo "2213"]

1.d4 Nf6 2.c4 e6 3.Nf3 c5 4.d5 exd5 5.cxd5 d6 6.Nc3 g6 7.h3 Bg7 8.Bf4 O-O
9.e3 Na6 10.Be2 Nc7 11.a4 b6 12.O-O a6 13.Ng5 Qe7 14.Bf3 Bb7 15.Qb3 Nd7 16.Nge4 Ne8
17.Nd2 Rb8 18.Nc4 Ba8 19.Rad1 f5 20.Rfe1 g5 21.Bh2 Ne5 22.Bxe5 Bxe5 23.Nxe5 Qxe5
24.e4 f4 25.Bg4 Nf6 26.Be6+ Kg7 27.Nb1 b5 28.Nd2 bxa4 29.Qxa4 Rb4 30.Qxa6 Bb7
31.Qa5 Bc8 32.Nf3 Qxb2 33.Qc7+ Bd7 34.e5 dxe5 35.Rxe5 Rc8 36.Qd6 Bxe6 37.Qe7+ Bf7
38.Rxg5+ Kh8 39.Ne5  1-0